00483nam a2200133Ia 4500008004100000082001300041100003300054245015100087260003900238300001600277520001100293650002800304700001700332230907s9999||||xx |||||||||||||| ||und|| a620bASJ aMuhammad Asjid (00000273454) 0aSynthesis, Characterization and Computational Fluid Dynamics Analysis of Nano-Enhanced Phase Change Materials for Thermal Energy Storage Systems / aUSPCAS-E, NUST,bIslamabad :c2021 axvi, 120 p. aTH-253 aMS TEE Thesis MS Thesis aDr Majid Ali